000
00296nam a2200121Ia 4500
005
20251222155124.0
008
251222s9999||||xx |||||||||||||| ||spa||
082
_a
MEQ.253
100
_a
Cuerpo medico EsSalud.
245
0
_a
Hospitalizacion de emergencias Grau
264
_b
EsSalud
942
_c
LIB
999
_c
38546
_d
38546